[Event "Mecklenburg VP Verbandsliga 2223"]
[Site "Mecklenburg VP"]
[Date "2023.03.19"]
[Round "7.8"]
[White "Sommer, Hans Hermann"]
[Black "Schulz, Maximilian"]
[Result "0-1"]
[WhiteElo "1716"]
[BlackElo "1629"]
[PlyCount "60"]
[EventDate "2022.10.23"]
[EventType "team-tourn"]
[EventRounds "9"]
[EventCountry "GER"]
[SourceTitle "EXT 2024"]
[Source "ChessBase"]
[SourceDate "2023.10.10"]
[SourceVersion "1"]
[SourceVersionDate "2023.10.10"]
[SourceQuality "1"]
[WhiteTeam "Neubrandenburg SG Eintracht"]
[BlackTeam "Think Rochade"]
[WhiteTeamCountry "GER"]
[BlackTeamCountry "GER"]

1. e4 d5 2. exd5 Qxd5 3. Nc3 Qa5 4. Nf3 Nf6 5. d4 c6 6. Bc4 Bf5 7. 0-0 e6 8. Qe2 Bd6 9. h3 Nbd7 10. Be3 Qc7 11. Rfd1 Nb6 12. Bb3 0-0-0 13. a4 a5 14. Bd2 Nbd5 15. Nxd5 exd5 16. c4 Rhe8 17. Qf1 Bf4 18. cxd5 Nxd5 19. Bxd5 Rxd5 20. Bxf4 Qxf4 21. Ne5 f6 22. Nxc6 bxc6 23. Qa6+ Kd7 24. Qb7+ Qc7 25. Qb3 Rb8 26. Qf3 Rxb2 27. Re1 Qd6 28. Qh5 Bg6 29. Qg4+ Rf5 30. f3 Qf4 0-1

[Event "Mecklenburg VP LL2 Ost 2223"]
[Site "Mecklenburg VP"]
[Date "2023.01.15"]
[Round "5.8"]
[White "Wagner, Tino"]
[Black "Sommer, Hans Hermann"]
[Result "1/2-1/2"]
[WhiteElo "1467"]
[BlackElo "1780"]
[PlyCount "168"]
[EventDate "2022.10.23"]
[EventType "team-tourn"]
[EventRounds "9"]
[EventCountry "GER"]
[SourceTitle "EXT 2024"]
[Source "ChessBase"]
[SourceDate "2023.10.10"]
[SourceVersion "1"]
[SourceVersionDate "2023.10.10"]
[SourceQuality "1"]
[WhiteTeam "Gryps SV"]
[BlackTeam "Neubrandenburg II"]
[WhiteTeamCountry "GER"]
[BlackTeamCountry "GER"]

1. e4 e5 2. Nf3 Nc6 3. Bc4 Nf6 4. d3 Be7 5. c3 h6 6. Bb3 d5 7. 0-0 dxe4 8. dxe4 Qxd1 9. Rxd1 Nxe4 10. Bd5 Nf6 11. Bxc6+ bxc6 12. Nxe5 Bb7 13. b3 0-0 14. Bb2 Rad8 15. Na3 Ne4 16. b4 c5 17. b5 Bf6 18. Nac4 Bd5 19. Ne3 Bxe5 20. Nxd5 Bd6 21. c4 Rfe8 22. Ne3 a6 23. a4 axb5 24. axb5 Ra8 25. Nf5 Rxa1 26. Bxa1 Rd8 27. Kf1 f6 28. Re1 Nd2+ 29. Kg1 Nxc4 30. Ne7+ Kf7 31. Nc6 Re8 32. Rxe8 Kxe8 33. Bc3 Na3 34. Na7 Kd7 35. h3 c4 36. Bd4 c3 37. Bxc3 Bc5 38. Nc6 Nxb5 39. Nb8+ Kd6 40. Bd2 Bd4 41. Na6 c5 42. Kf1 Nc7 43. Bf4+ Be5 44. Nxc7 Kxc7 45. Bd2 Kc6 46. Ke2 Kd5 47. Kd3 c4+ 48. Kc2 Bd4 49. f3 h5 50. Bc1 Ba1 51. Be3 g5 52. Bb6 Be5 53. Bf2 Bd4 54. Bg3 h4 55. Bb8 Ke6 56. Bc7 Be5 57. Ba5 Kf5 58. Bd2 Bd4 59. Bc1 Kg6 60. Ba3 f5 61. Bd6 g4 62. Bf4 gxh3 63. gxh3 Bf6 64. Be3 Kf7 65. Bb6 Ke6 66. Ba5 Kd5 67. Bd2 c3 68. Be3 Kc4 69. Bf2 Bg5 70. Bb6 Bd2 71. Bd8 Be1 72. Bb6 Bg3 73. Ba7 Be5 74. Bf2 Bf6 75. Ba7 Kd5 76. Bg1 Ke5 77. Bh2+ Kd5 78. Bc7 Be5 79. Bd8 Bg3 80. Kxc3 Ke5 81. Bc7+ Kf6 82. Bd8+ Ke6 83. Kd3 Kd5 84. Bf6 Bf2 1/2-1/2

[Event "Mecklenburg VP Verbandsliga 2122"]
[Site "Mecklenburg VP"]
[Date "2021.11.07"]
[Round "2.8"]
[White "Troemer, Felix"]
[Black "Sommer, Hans Hermann"]
[Result "1-0"]
[WhiteElo "1753"]
[BlackElo "1780"]
[PlyCount "89"]
[EventDate "2021.10.24"]
[EventType "team-tourn"]
[EventRounds "9"]
[EventCountry "GER"]
[SourceTitle "EXT 2024"]
[Source "ChessBase"]
[SourceDate "2023.10.10"]
[SourceVersion "1"]
[SourceVersionDate "2023.10.10"]
[SourceQuality "1"]
[WhiteTeam "Torgelow Droegeheide"]
[BlackTeam "Neubrandenburg SG Eintracht"]
[WhiteTeamCountry "GER"]
[BlackTeamCountry "GER"]

1. e4 e5 2. Nf3 Nc6 3. Nc3 Nf6 4. Bb5 d6 5. 0-0 Be7 6. h3 0-0 7. d4 exd4 8. Nxd4 Nxd4 9. Qxd4 a6 10. Bd3 Be6 11. Bd2 c5 12. Qe3 c4 13. Be2 b5 14. a3 d5 15. exd5 Nxd5 16. Nxd5 Bxd5 17. Rad1 Qc7 18. Bc3 Bb7 19. Be5 Qc5 20. Qg3 f6 21. Bf4 Rf7 22. Bf3 Bxf3 23. Qxf3 Rc8 24. Rd5 Qc6 25. Rfd1 g5 26. Qg3 h6 27. Bd6 Bxd6 28. Rxd6 Qe4 29. Qc3 Kg7 30. Re1 Qf4 31. Rxa6 Rd8 32. Qe3 Qf5 33. Ra7 Rdd7 34. Rxd7 Qxd7 35. f3 Kf8 36. Qc5+ Kg7 37. Kf2 h5 38. Re4 h4 39. Rd4 Qb7 40. Rd5 Rc7 41. Qd4 Re7 42. Rxg5+ Kf7 43. Rd5 Qc7 44. Rd6 Re6 45. Rd7+ 1-0

[Event "Mecklenburg VP LL2 Ost 1819"]
[Site "Mecklenburg VP"]
[Date "2019.04.07"]
[Round "9.7"]
[White "Mueller, Wilfried"]
[Black "Sommer, Hans Hermann"]
[Result "0-1"]
[WhiteElo "1350"]
[BlackElo "1708"]
[PlyCount "108"]
[EventDate "2018.10.21"]
[EventType "team-tourn"]
[EventRounds "9"]
[EventCountry "GER"]
[SourceTitle "EXT 2022"]
[Source "ChessBase"]
[SourceDate "2021.10.06"]
[SourceVersion "1"]
[SourceVersionDate "2021.10.06"]
[SourceQuality "1"]
[WhiteTeam "Binz Therme Ruegen"]
[BlackTeam "Neubrandenburg SG Eintracht"]
[WhiteTeamCountry "GER"]
[BlackTeamCountry "GER"]

1. e4 e5 2. Nf3 Nc6 3. d4 exd4 4. Nxd4 Nf6 5. Nxc6 bxc6 6. Bg5 h6 7. Bxf6 Qxf6 8. c3 Bc5 9. Qc2 0-0 10. Bd3 d5 11. 0-0 Qg5 12. Kh1 Bd6 13. g3 Qh5 14. Be2 Qh3 15. Nd2 f5 16. exd5 cxd5 17. Bf3 c6 18. Bg2 Qh5 19. f4 Ba6 20. Rfe1 Rae8 21. Nf3 Qf7 22. Rxe8 Rxe8 23. Nd4 Bc5 24. Qxf5 Bb7 25. Qxf7+ Kxf7 26. Nf3 Re2 27. Rb1 a5 28. Ne5+ Ke7 29. Nd3 Bd6 30. Re1 Rxe1+ 31. Nxe1 a4 32. Bf1 a3 33. b3 Bc8 34. Bd3 Bg4 35. b4 c5 36. bxc5 Bxc5 37. Kg2 Be6 38. Bb1 d4 39. cxd4 Bxd4 40. Nc2 Bd5+ 41. Kh3 Bc5 42. Ne1 Kd6 43. Kg4 Bd4 44. Nc2 Bb2 45. Ne3 Be6+ 46. Kf3 Kc5 47. g4 Kb4 48. f5 Bf7 49. h4 Bc1 50. Nc2+ Kc3 51. Ne3 Kb2 52. Bd3 Bxe3 53. Kxe3 Bxa2 54. Kd2 Bf7 0-1

[Event "Mecklenburg VP-ch op"]
[Site "Neubrandenburg"]
[Date "2018.04.30"]
[Round "5.7"]
[White "Sommer, Hans Hermann"]
[Black "Wesener, Lorenz"]
[Result "1/2-1/2"]
[WhiteElo "1842"]
[BlackElo "1750"]
[PlyCount "145"]
[EventDate "2018.04.28"]
[EventType "swiss"]
[EventRounds "7"]
[EventCountry "GER"]
[SourceTitle "EXT 2023"]
[Source "ChessBase"]
[SourceDate "2022.10.05"]
[SourceVersion "1"]
[SourceVersionDate "2022.10.05"]
[SourceQuality "1"]

1. e4 c5 2. d4 cxd4 3. c3 dxc3 4. Nxc3 e5 5. Nf3 Nc6 6. Bc4 f6 7. 0-0 Nge7 8. Qb3 Qb6 9. Bf7+ Kd8 10. Be3 Qxb3 11. axb3 Ng6 12. Nd5 d6 13. h3 Nf4 14. Nxf4 exf4 15. Bxf4 Ke7 16. Bc4 Be6 17. Rfd1 Ne5 18. Bxe5 dxe5 19. Bd5 Bxd5 20. Rxd5 Ke6 21. Nd2 Be7 22. Nc4 Rhd8 23. Rxd8 Bxd8 24. Kf1 Kd7 25. Ke2 b5 26. Ne3 Bb6 27. Nd5 Bd4 28. Rd1 Rc8 29. Rd2 Rc1 30. f4 Rg1 31. Kd3 Rb1 32. Nc3 Bxc3 33. bxc3 Ke6 34. f5+ Ke7 35. b4 Ra1 36. Rc2 a5 37. bxa5 Rxa5 38. Rb2 Kd6 39. Kd2 Kc5 40. Kd3 Ra1 41. Kc2 Re1 42. Kd3 Ra1 43. Kc2 Ra8 44. Kd3 Rd8+ 45. Kc2 g6 46. fxg6 hxg6 47. Kb3 f5 48. exf5 gxf5 49. Re2 Re8 50. h4 f4 51. h5 Kd5 52. Kb4 Rh8 53. Kxb5 Rb8+ 54. Ka4 Rh8 55. Kb5 Rb8+ 56. Ka4 Ke6 57. c4 Rh8 58. Kb5 Rxh5 59. c5 Kd7 60. c6+ Kc7 61. Re4 Rg5 62. Kc5 Rxg2 63. Rxe5 Rc2+ 64. Kd5 Rxc6 65. Re7+ Kb6 66. Rf7 Rc5+ 67. Ke4 Rc4+ 68. Kd3 Ra4 69. Rf5 Kc6 70. Ke2 Kd6 71. Kf3 Ke6 72. Rxf4 Rxf4+ 73. Kxf4 1/2-1/2

[Event "Mecklenburg VP-ch op"]
[Site "Neubrandenburg"]
[Date "2018.04.29"]
[Round "3.10"]
[White "Sommer, Hans Hermann"]
[Black "Johlke, Lukas"]
[Result "1/2-1/2"]
[WhiteElo "1842"]
[BlackElo "1529"]
[PlyCount "79"]
[EventDate "2018.04.28"]
[EventType "swiss"]
[EventRounds "7"]
[EventCountry "GER"]
[SourceTitle "EXT 2023"]
[Source "ChessBase"]
[SourceDate "2022.10.05"]
[SourceVersion "1"]
[SourceVersionDate "2022.10.05"]
[SourceQuality "1"]

1. e4 e5 2. Nf3 Nc6 3. Bb5 Nf6 4. 0-0 d6 5. d4 exd4 6. Nxd4 Bd7 7. Bxc6 bxc6 8. Qf3 Be7 9. e5 Nd5 10. c4 Nb4 11. Na3 dxe5 12. Nf5 Bxf5 13. Qxf5 Bf6 14. Be3 a5 15. Bc5 Na6 16. Be3 0-0 17. Nc2 Qe7 18. Qe4 Qe6 19. a3 Rab8 20. Rab1 Rb3 21. Na1 Rb7 22. g3 Rfb8 23. b3 Be7 24. a4 Nb4 25. f4 Bf6 26. f5 Qe7 27. g4 Rd8 28. Rbd1 Rbb8 29. Kg2 Rxd1 30. Rxd1 Rd8 31. Qb1 h6 32. Nc2 Nd3 33. Kf1 Bh4 34. Rd2 e4 35. Qd1 Qe5 36. Kg1 Rd6 37. Qf1 Kh7 38. Qh3 Qf6 39. Qg2 Qe5 40. Qh3 1/2-1/2

[Event "Mecklenburg VP LL2 Ost 1718"]
[Site "Mecklenburg VP"]
[Date "2018.04.08"]
[Round "8.5"]
[White "Oergel, Ullrich"]
[Black "Sommer, Hans Hermann"]
[Result "1/2-1/2"]
[WhiteElo "1733"]
[BlackElo "1713"]
[PlyCount "32"]
[EventDate "2017.10.08"]
[EventType "team-tourn"]
[EventRounds "9"]
[EventCountry "GER"]
[SourceTitle "EXT 2022"]
[Source "ChessBase"]
[SourceDate "2021.10.06"]
[SourceVersion "1"]
[SourceVersionDate "2021.10.06"]
[SourceQuality "1"]
[WhiteTeam "Binz Therme Ruegen"]
[BlackTeam "Neubrandenburg SG Eintracht II"]
[WhiteTeamCountry "GER"]
[BlackTeamCountry "GER"]

1. c4 f5 2. Nc3 Nf6 3. g3 e6 4. Bg2 Nc6 5. d4 Bb4 6. e3 0-0 7. Nge2 d5 8. cxd5 Nxd5 9. 0-0 Bxc3 10. bxc3 Re8 11. c4 Nf6 12. Rb1 Ne4 13. Rb3 Na5 14. d5 Nc5 15. Rd3 b6 16. dxe6 Bb7 1/2-1/2

[Event "Mecklenburg VP LL2 Ost 1718"]
[Site "Mecklenburg VP"]
[Date "2017.12.10"]
[Round "4.6"]
[White "Sommer, Hans Hermann"]
[Black "Sparr, Andreas"]
[Result "1-0"]
[WhiteElo "1713"]
[BlackElo "1595"]
[PlyCount "69"]
[EventDate "2017.10.08"]
[EventType "team-tourn"]
[EventRounds "9"]
[EventCountry "GER"]
[SourceTitle "EXT 2022"]
[Source "ChessBase"]
[SourceDate "2021.10.06"]
[SourceVersion "1"]
[SourceVersionDate "2021.10.06"]
[SourceQuality "1"]
[WhiteTeam "Neubrandenburg SG Eintracht II"]
[BlackTeam "Stralsund FHSG II"]
[WhiteTeamCountry "GER"]
[BlackTeamCountry "GER"]

1. e4 c5 2. d4 cxd4 3. c3 dxc3 4. Nxc3 e6 5. Nf3 Bc5 6. Bc4 Ne7 7. 0-0 h6 8. Bf4 a6 9. Rc1 Nbc6 10. a3 Ng6 11. Bg3 b5 12. Bd3 Bb7 13. e5 Bb6 14. Qe2 Nce7 15. Ne4 Nf5 16. Nd6+ Nxd6 17. exd6 f5 18. Bxf5 Qf6 19. Bxg6+ Qxg6 20. Rfe1 0-0 21. Ne5 Qe8 22. Qd2 Bd8 23. Qd3 Rf5 24. Nf3 Bxf3 25. Qxf5 Bc6 26. Qd3 Qf7 27. Be5 Bb6 28. Bd4 Bd8 29. Bc5 Rc8 30. b4 Bh4 31. Qh3 Qg6 32. Be3 Rf8 33. Rxc6 dxc6 34. Qxh4 Qf7 35. Qe7 1-0

[Event "Mecklenburg VP LL2 Ost 1617"]
[Site "Mecklenburg VP"]
[Date "2017.03.19"]
[Round "7.6"]
[White "Sommer, Hans Hermann"]
[Black "Schreiner, Wolfgang"]
[Result "1/2-1/2"]
[WhiteElo "1639"]
[BlackElo "1786"]
[PlyCount "87"]
[EventDate "2016.10.16"]
[EventType "team-tourn"]
[EventRounds "9"]
[EventCountry "GER"]
[SourceTitle "EXT 2022"]
[Source "ChessBase"]
[SourceDate "2021.10.06"]
[SourceVersion "1"]
[SourceVersionDate "2021.10.06"]
[SourceQuality "1"]
[WhiteTeam "Neubrandenburg SG Eintracht II"]
[BlackTeam "Waren Malchow"]
[WhiteTeamCountry "GER"]
[BlackTeamCountry "GER"]

1. e4 c5 2. d4 cxd4 3. c3 dxc3 4. Nxc3 d6 5. Nf3 Nc6 6. Bc4 e6 7. 0-0 a6 8. Qe2 b5 9. Bb3 Bb7 10. Rd1 Qc7 11. Bf4 Rd8 12. Rac1 Nf6 13. Bg5 Be7 14. Nd5 Qb8 15. Nxe7 Kxe7 16. Qe3 h6 17. Bh4 Rc8 18. Bg3 e5 19. h3 Na5 20. Nd2 Nxb3 21. axb3 Rxc1 22. Rxc1 Rc8 23. Rc3 Rxc3 24. bxc3 Qc7 25. f3 Nd7 26. b4 Nb6 27. Qd3 Na4 28. Nb1 Bc8 29. Be1 Be6 30. Qc2 Qc4 31. Na3 Qb3 32. Qxb3 Bxb3 33. Kf2 d5 34. Ke3 Kd6 35. exd5 Kxd5 36. Nb1 f5 37. g3 g5 38. h4 Bd1 39. hxg5 hxg5 40. f4 gxf4+ 41. gxf4 e4 42. Na3 Nb2 43. Bf2 Bb3 44. Kd2 1/2-1/2

[Event "Mecklenburg VP LL2 Ost 1617"]
[Site "Mecklenburg VP"]
[Date "2017.01.15"]
[Round "5.5"]
[White "Worm, Alfred"]
[Black "Sommer, Hans Hermann"]
[Result "1/2-1/2"]
[WhiteElo "1591"]
[BlackElo "1639"]
[PlyCount "24"]
[EventDate "2016.10.16"]
[EventType "team-tourn"]
[EventRounds "9"]
[EventCountry "GER"]
[SourceTitle "EXT 2022"]
[Source "ChessBase"]
[SourceDate "2021.10.06"]
[SourceVersion "1"]
[SourceVersionDate "2021.10.06"]
[SourceQuality "1"]
[WhiteTeam "Rostock SSC 07 III"]
[BlackTeam "Neubrandenburg SG Eintracht II"]
[WhiteTeamCountry "GER"]
[BlackTeamCountry "GER"]

1. e4 e5 2. Nc3 Nf6 3. f4 d5 4. fxe5 Nxe4 5. Nf3 Bc5 6. d4 Bb4 7. Bd2 Bg4 8. Bb5+ c6 9. Bd3 Nxd2 10. Qxd2 Bxf3 11. gxf3 Qh4+ 12. Qf2 Qh6 1/2-1/2

[Event "Mecklenburg VP LL2 West 1415"]
[Site "Mecklenburg VP"]
[Date "2015.03.15"]
[Round "7.6"]
[White "Hopp, Peter"]
[Black "Sommer, Hans Hermann"]
[Result "1-0"]
[WhiteElo "1629"]
[BlackElo "1654"]
[PlyCount "95"]
[EventDate "2014.09.21"]
[EventType "team-tourn"]
[EventRounds "9"]
[EventCountry "GER"]
[SourceTitle "EXT 2022"]
[Source "ChessBase"]
[SourceDate "2021.10.06"]
[SourceVersion "1"]
[SourceVersionDate "2021.10.06"]
[SourceQuality "1"]
[WhiteTeam "Mecklenburger Springer SC"]
[BlackTeam "Neubrandenburg SG Eintracht II"]
[WhiteTeamCountry "GER"]
[BlackTeamCountry "GER"]

1. e4 e5 2. Nf3 Nc6 3. Bc4 Nf6 4. Ng5 d5 5. exd5 Nd4 6. Nc3 Bd6 7. d3 h6 8. Nge4 0-0 9. Nxd6 Qxd6 10. Ne4 Nxe4 11. dxe4 Qb4+ 12. c3 Qxc4 13. cxd4 exd4 14. Bf4 d3 15. f3 g5 16. Be5 Re8 17. Rc1 Qb5 18. Bd4 b6 19. h4 g4 20. Qd2 Kh7 21. Rc6 Be6 22. 0-0 g3 23. Rxc7 Rac8 24. Rfc1 Rxc7 25. Rxc7 Rc8 26. Rxc8 Bxc8 27. Qf4 Qe8 28. Qxg3 Qg8 29. Qxg8+ Kxg8 30. Kf2 Kf8 31. Ke3 Ba6 32. a4 Ke7 33. b4 Bc4 34. g4 f6 35. Kd2 Bb3 36. a5 bxa5 37. bxa5 a6 38. Kxd3 Ba4 39. Be3 Bd1 40. Bxh6 Bxf3 41. g5 Bh5 42. gxf6+ Kxf6 43. Kd4 Ke7 44. Bg5+ Kd7 45. Kc5 Bg4 46. e5 Kc7 47. e6 Bh5 48. d6+ 1-0

[Event "Mecklenburg VP LL2 West 1415"]
[Site "Mecklenburg VP"]
[Date "2015.01.18"]
[Round "5.6"]
[White "Schleese, Wolfgang"]
[Black "Sommer, Hans Hermann"]
[Result "1-0"]
[WhiteElo "1541"]
[BlackElo "1654"]
[PlyCount "81"]
[EventDate "2014.09.21"]
[EventType "team-tourn"]
[EventRounds "9"]
[EventCountry "GER"]
[SourceTitle "EXT 2022"]
[Source "ChessBase"]
[SourceDate "2021.10.06"]
[SourceVersion "1"]
[SourceVersionDate "2021.10.06"]
[SourceQuality "1"]
[WhiteTeam "Wismar ASV Gruen-Weiss II"]
[BlackTeam "Neubrandenburg SG Eintracht II"]
[WhiteTeamCountry "GER"]
[BlackTeamCountry "GER"]

1. d4 Nf6 2. Nf3 g6 3. Bf4 d5 4. e3 Bg7 5. Nbd2 0-0 6. Bd3 c6 7. 0-0 Nbd7 8. Ne5 Nh5 9. Nxd7 Qxd7 10. Bg3 Nxg3 11. hxg3 e5 12. dxe5 Bxe5 13. c3 Qe7 14. Be2 a5 15. Nf3 Bf6 16. a4 Rd8 17. Qc2 Bf5 18. Bd3 Bxd3 19. Qxd3 Rd7 20. Rfe1 Rad8 21. Rad1 Qc5 22. Nd4 Qb6 23. Qc2 Qc5 24. Qd3 Qe7 25. Nf3 Qc5 26. Nd4 Qc4 27. Qxc4 dxc4 28. Rc1 Bxd4 29. exd4 b5 30. axb5 cxb5 31. Re5 Rd5 32. Rxd5 Rxd5 33. Kf1 f6 34. Ke2 Kf7 35. Ke3 Ke6 36. g4 h5 37. gxh5 Rxh5 38. Ra1 a4 39. Re1 Kd6 40. Kf3 Rf5+ 41. Ke3 1-0

[Event "Mecklenburg VP LL2 West 1415"]
[Site "Mecklenburg VP"]
[Date "2014.11.23"]
[Round "3.6"]
[White "Sommer, Hans Hermann"]
[Black "Philipp, Daniel"]
[Result "1-0"]
[WhiteElo "1654"]
[BlackElo "1611"]
[PlyCount "53"]
[EventDate "2014.09.21"]
[EventType "team-tourn"]
[EventRounds "9"]
[EventCountry "GER"]
[SourceTitle "EXT 2022"]
[Source "ChessBase"]
[SourceDate "2021.10.06"]
[SourceVersion "1"]
[SourceVersionDate "2021.10.06"]
[SourceQuality "1"]
[WhiteTeam "Neubrandenburg SG Eintracht II"]
[BlackTeam "Putlitzer SV 1921"]
[WhiteTeamCountry "GER"]
[BlackTeamCountry "GER"]

1. e4 e6 2. Nf3 d5 3. e5 c5 4. b4 cxb4 5. d4 Nc6 6. a3 bxa3 7. Bd3 Qb6 8. 0-0 Bd7 9. c3 Be7 10. Nxa3 Bxa3 11. Bxa3 Nge7 12. Ng5 h6 13. Qh5 g6 14. Qh3 Nf5 15. g4 Nfe7 16. Rfb1 Qc7 17. Bd6 Qc8 18. Qh4 Ng8 19. Nf3 b6 20. Ba6 Qd8 21. Bb7 Qxh4 22. Nxh4 Rd8 23. Bc7 Na5 24. Bxd8 Nxb7 25. Bf6 Nxf6 26. exf6 Na5 27. Rxa5 1-0

[Event "Mecklenburg VP LL2 Ost 1314"]
[Site "Mecklenburg VP"]
[Date "2014.04.06"]
[Round "8.7"]
[White "Sommer, Hans Hermann"]
[Black "Wuttke, Reiner"]
[Result "0-1"]
[WhiteElo "1663"]
[BlackElo "1511"]
[PlyCount "92"]
[EventDate "2013.10.27"]
[EventType "team-tourn"]
[EventRounds "9"]
[EventCountry "GER"]
[SourceTitle "EXT 2022"]
[Source "ChessBase"]
[SourceDate "2021.10.06"]
[SourceVersion "1"]
[SourceVersionDate "2021.10.06"]
[SourceQuality "1"]
[WhiteTeam "Neubrandenburg SG Eintracht II"]
[BlackTeam "Waren ESV"]
[WhiteTeamCountry "GER"]
[BlackTeamCountry "GER"]

1. e4 e5 2. Nf3 Nc6 3. Nc3 d6 4. d4 exd4 5. Nxd4 Nf6 6. Bb5 Bd7 7. Bxc6 bxc6 8. Qf3 Be7 9. e5 dxe5 10. Nxc6 Bxc6 11. Qxc6+ Nd7 12. Nd5 Bd6 13. c4 0-0 14. 0-0 Nb6 15. Be3 Nxd5 16. Qxd5 Re8 17. Rad1 a6 18. Qe4 Qc8 19. c5 Bf8 20. Rd5 f5 21. Qc4 Qe6 22. Rc1 Kh8 23. Kf1 Rab8 24. b3 f4 25. Bd2 c6 26. Rd3 Qxc4 27. Rxc4 e4 28. Rdc3 g5 29. Rc2 Bg7 30. Ke2 Rbd8 31. Bc3 e3 32. Bxg7+ Kxg7 33. f3 Rd7 34. Ra4 Red8 35. Rxa6 Rd2+ 36. Rxd2 Rxd2+ 37. Kf1 Rf2+ 38. Ke1 Rxg2 39. Rxc6 g4 40. Rc7+ Kf6 41. fxg4 f3 42. g5+ Kg6 43. Kf1 Rxh2 44. Kg1 Rg2+ 45. Kf1 e2+ 46. Ke1 Rg1+ 0-1

[Event "Mecklenburg VP LL2 Ost 1213"]
[Site "Mecklenburg VP"]
[Date "2012.11.11"]
[Round "2.3"]
[White "Sommer, Hans Hermann"]
[Black "Voigt, Michael"]
[Result "1-0"]
[WhiteElo "1694"]
[BlackElo "1700"]
[PlyCount "71"]
[EventDate "2012.10.14"]
[EventType "team-tourn"]
[EventRounds "9"]
[EventCountry "GER"]
[SourceTitle "EXT 2022"]
[Source "ChessBase"]
[SourceDate "2021.10.06"]
[SourceVersion "1"]
[SourceVersionDate "2021.10.06"]
[SourceQuality "1"]
[WhiteTeam "Neubrandenburg SG Eintracht II"]
[BlackTeam "Neubrandenburg SV Turbine"]
[WhiteTeamCountry "GER"]
[BlackTeamCountry "GER"]

1. e4 c5 2. d4 cxd4 3. c3 g6 4. cxd4 Nf6 5. Nc3 d6 6. Nf3 Bg7 7. Bb5+ Bd7 8. Qe2 0-0 9. Bxd7 Nfxd7 10. 0-0 Nc6 11. Rd1 a6 12. e5 e6 13. Bg5 Qa5 14. d5 Ncxe5 15. Be7 Nxf3+ 16. Qxf3 Rfe8 17. Bxd6 e5 18. Ne4 f5 19. Ng5 Qb6 20. Ba3 e4 21. Qh3 h5 22. Ne6 Bf6 23. Qg3 Kh7 24. Qc7 Qxc7 25. Nxc7 Rac8 26. Nxe8 Rxe8 27. Rac1 Kh6 28. Rc7 Ne5 29. b3 Nd3 30. Kf1 f4 31. Rf7 Bg7 32. d6 e3 33. Rxd3 e2+ 34. Ke1 Rc8 35. Kxe2 Rc2+ 36. Rd2 1-0

[Event "Mecklenburg VP LL2 Ost 1112"]
[Site "Mecklenburg VP"]
[Date "2012.03.04"]
[Round "6.7"]
[White "Sommer, Hans Hermann"]
[Black "Worm, Alfred"]
[Result "0-1"]
[WhiteElo "1680"]
[BlackElo "1713"]
[PlyCount "98"]
[EventDate "2011.10.02"]
[EventType "team-tourn"]
[EventRounds "9"]
[EventCountry "GER"]
[SourceTitle "EXT 2022"]
[Source "ChessBase"]
[SourceDate "2021.10.06"]
[SourceVersion "1"]
[SourceVersionDate "2021.10.06"]
[SourceQuality "1"]
[WhiteTeam "Neubrandenburg SG Eintracht II"]
[BlackTeam "Rostock SSC 07 III"]
[WhiteTeamCountry "GER"]
[BlackTeamCountry "GER"]

1. e4 c6 2. Nc3 g6 3. d4 Bg7 4. Nf3 d6 5. Bc4 b5 6. Bb3 Nf6 7. e5 dxe5 8. Nxe5 0-0 9. 0-0 Bb7 10. Be3 Nbd7 11. Qf3 Qc8 12. Qg3 Nh5 13. Qg5 Bf6 14. Qh6 Nxe5 15. dxe5 Bxe5 16. Ne4 Bxb2 17. Rad1 Bg7 18. Qg5 Nf6 19. Nc5 a5 20. a4 Ba6 21. Rfe1 Rd8 22. h4 bxa4 23. Nxa4 Bb5 24. Nb6 Qg4 25. Qxg4 Nxg4 26. Nxa8 Rxa8 27. Bc5 e6 28. Rd7 a4 29. Ba2 Ne5 30. Rdd1 Nc4 31. Bxc4 Bxc4 32. Rd7 Bf6 33. Red1 a3 34. Bd4 e5 35. Bc3 a2 36. f4 Be6 37. Rb7 h5 38. fxe5 Bxh4 39. Ba1 Bg3 40. Rb6 Bd5 41. c4 Bxc4 42. Rxc6 Be6 43. Rcd6 Ra5 44. Rd8+ Kh7 45. Bc3 Rb5 46. R8d2 Rb1 47. Ba1 Bb3 48. Rf1 Bc4 49. Rfd1 Be2 0-1

[Event "Mecklenburg VP LL2 Ost 1112"]
[Site "Mecklenburg VP"]
[Date "2012.01.15"]
[Round "5.6"]
[White "Sommer, Hans Hermann"]
[Black "Moeller, Stefan"]
[Result "0-1"]
[WhiteElo "1680"]
[BlackElo "1675"]
[PlyCount "80"]
[EventDate "2011.10.02"]
[EventType "team-tourn"]
[EventRounds "9"]
[EventCountry "GER"]
[SourceTitle "EXT 2022"]
[Source "ChessBase"]
[SourceDate "2021.10.06"]
[SourceVersion "1"]
[SourceVersionDate "2021.10.06"]
[SourceQuality "1"]
[WhiteTeam "Neubrandenburg SG Eintracht II"]
[BlackTeam "Rostock HSG Uni"]
[WhiteTeamCountry "GER"]
[BlackTeamCountry "GER"]

1. e4 e5 2. Nf3 Nc6 3. Nc3 Nf6 4. d4 exd4 5. Nd5 Nxd5 6. exd5 Bb4+ 7. Bd2 Qe7+ 8. Qe2 Bxd2+ 9. Kxd2 Qxe2+ 10. Bxe2 Ne7 11. Bc4 0-0 12. Nxd4 a6 13. a4 d6 14. Rhe1 Ng6 15. g3 Bd7 16. f4 Rfe8 17. a5 Ne7 18. Bb3 Nf5 19. Nxf5 Bxf5 20. Ba4 Re4 21. Rxe4 Bxe4 22. c4 c6 23. Bb3 Kf8 24. Re1 f5 25. Re3 cxd5 26. cxd5 Rc8 27. Rc3 Rxc3 28. bxc3 Ke7 29. c4 h6 30. Bc2 Bxc2 31. Kxc2 Kd7 32. Kc3 Kc7 33. Kb4 b6 34. h4 h5 35. Ka4 bxa5 36. Kxa5 Kb7 37. c5 dxc5 38. d6 Kc6 39. d7 Kxd7 40. Kxa6 c4 0-1

[Event "Mecklenburg VP LL2 Ost 1112"]
[Site "Mecklenburg VP"]
[Date "2011.12.11"]
[Round "4.7"]
[White "Sommer, Hans Hermann"]
[Black "Boesenberg, Heiko"]
[Result "1-0"]
[WhiteElo "1680"]
[BlackElo "1596"]
[PlyCount "115"]
[EventDate "2011.10.02"]
[EventType "team-tourn"]
[EventRounds "9"]
[EventCountry "GER"]
[SourceTitle "EXT 2022"]
[Source "ChessBase"]
[SourceDate "2021.10.06"]
[SourceVersion "1"]
[SourceVersionDate "2021.10.06"]
[SourceQuality "1"]
[WhiteTeam "Neubrandenburg SG Eintracht II"]
[BlackTeam "Wolgast Motor"]
[WhiteTeamCountry "GER"]
[BlackTeamCountry "GER"]

1. e4 e6 2. d4 d5 3. exd5 exd5 4. c4 c6 5. Nc3 Nf6 6. Nf3 Bg4 7. cxd5 cxd5 8. Qb3 Qe7+ 9. Be3 Qb4 10. Bb5+ Nc6 11. 0-0 Qxb3 12. axb3 Bxf3 13. gxf3 a6 14. Bf4 Kd8 15. Be5 Nb4 16. Be2 Rc8 17. Rac1 Be7 18. f4 h5 19. h3 Nd7 20. f5 f6 21. Bf4 Nb6 22. Na4 Nxa4 23. Rxc8+ Kxc8 24. bxa4 Kd7 25. Rc1 Rc8 26. Rxc8 Kxc8 27. Bd2 h4 28. Kg2 Nc2 29. Bc3 Kd7 30. Kf3 Nb4 31. Kg4 Nc6 32. Kxh4 Bd6 33. Bf3 Ne7 34. Kh5 b6 35. b4 Bf4 36. Kg4 Bd6 37. Be2 Nc6 38. b5 axb5 39. Bxb5 Kc7 40. Bxc6 Kxc6 41. Bd2 Kd7 42. Kh5 Ke8 43. Kg6 Kf8 44. h4 Kg8 45. h5 Ba3 46. h6 Bb2 47. Be3 gxh6 48. Kxf6 h5 49. Kg5 h4 50. Kxh4 Kf7 51. Kg5 Bc3 52. f6 Bb4 53. Kf5 Bd6 54. Bd2 Bc7 55. Bb4 Bb8 56. Be7 Bc7 57. f3 Bg3 58. Bd8 1-0